| 000 | 00633nam a2200229 a 4500 | ||
|---|---|---|---|
| 001 | BRCA_3636 | ||
| 005 | 20190320204349.0 | ||
| 008 | 260809s1961----sp-#---###---#000-0#spa-# | ||
| 041 | _aspa | ||
| 044 | _asp | ||
| 050 | 4 |
_aN7830 _b.P47 1961 |
|
| 100 | 1 |
_aPérez Gutierrez, Francisco _99432 |
|
| 245 | 1 | 0 |
_aLa indinidad en el arte sagrado _cFrancisco Pérez Gutierrez. |
| 260 |
_aMadrid _bGuadarrama _c1961 |
||
| 300 |
_a202 p. _c19 cm. |
||
| 440 | 0 |
_aCristianismo y hombre actual _v27 _99433 |
|
| 500 | _aB304 | ||
| 650 | 1 | 4 |
_aArte y simbolismo cristiano _99209 |
| 650 | 1 | 4 |
_aArte _xCritica _99434 |
| 902 | _aGFM | ||
| 942 |
_2lcc _cB |
||
| 999 |
_c3371 _d3371 |
||